000 00495nam a22001937a 4500
003 MPLRDC
005 20220104183052.0
008 210129b ||||| |||| 00| 0 eng d
020 _a986-7913-08-6
082 _a411.71 JJT
100 _a焦金堂
245 _a我90,我靠健走养生
_c
250 _a初版
260 _a台湾
_b自然风文化事业股份有限公司
_c2002
300 _b
490 _a优资健康. 34
650 _a运动与健康
942 _cBK
_o411.71 JJT
999 _c62238
_d62228